Japan : International house of Japan library acquisition list 1955 - 1979
সংরক্ষণ করুন:
| বিন্যাস: | গ্রন্থ |
|---|---|
| ভাষা: | Undetermined |
| প্রকাশিত: |
Tokyo
Kokusai Bunka Kaikan
1979
|
| ট্যাগগুলো: |
ট্যাগ যুক্ত করুন
কোনো ট্যাগ নেই, প্রথমজন হিসাবে ট্যাগ করুন!
|
| Thư viện lưu trữ: | Trung tâm Học liệu Trường Đại học Cần Thơ |
|---|
| LEADER | 00436nam a2200157Ia 4500 | ||
|---|---|---|---|
| 001 | CTU_104740 | ||
| 008 | 210402s9999 xx 000 0 und d | ||
| 082 | |a 016.952 | ||
| 082 | |b J35 | ||
| 245 | 0 | |a Japan : | |
| 245 | 0 | |b International house of Japan library acquisition list 1955 - 1979 | |
| 260 | |a Tokyo | ||
| 260 | |b Kokusai Bunka Kaikan | ||
| 260 | |c 1979 | ||
| 904 | |i Truc | ||
| 980 | |a Trung tâm Học liệu Trường Đại học Cần Thơ | ||